000 00764cam a2200289 4500
001 ABS63134
008 000000n2000 000 0 eng u
035 _a(Sirsi) u109596
245 _aFocus 2000: industrial and distribution
260 _c2000
490 _aEstates Gazette
_v(0046) 18 November 2000, 91-159(17)
590 _aABS
650 _aRAIL FREIGHT TERMINALS
650 _aTRANSPORT
650 _aINTERNET
650 _aINDUSTRIAL RENTS
650 _aINDUSTRIAL MARKET
650 _aREGIONS
650 _aDISTRIBUTION MARKET
650 _aFRANCE
650 _aSPAIN
650 _aEUROPE
650 _aSPECULATIVE DEVELOPMENT
650 _aIKEA
690 _aPROPERTY-COMMERCIAL PROPERTY-COMMERCIAL PROPERTY MARKET
942 _n0
999 _c65426
_d65426